000 00285nam a2200133Ia 4500
100 _aPage/ A.J.
942 _cBK
654 _aComputer
245 _aRelational Database : Concepts
260 _bGalgotia
_aNew Delhi
_c1994
082 _a5.74
_bPAN
546 _aENGLISH
999 _c22433
_d22433